000
00341nam a2200145Ia 4500
008
240624s9999 xx 000 0 und d
041
_a
eng
082
_a
332.64 WIL
100
_a
WILMOTT PAUL
245
_a
INTRODUCES QUANTITATIVE FINANCE
250
_a
(2nd ed.)
260
_c
2007
_a
England
_b
Wiley
300
_a
722 : p.
365
_c
_b
25
999
_c
16668
_d
16668